| 000 | 01596nac a22003251u 4500 | ||
|---|---|---|---|
| 008 | 100930t xxu||||| |||| 00| 0 eng d | ||
| 010 | _a 2005925505 | ||
| 020 | _a0387258116 | ||
| 020 | _a9780387258119 | ||
| 035 | _a(OCoLC)ocm65394040 | ||
| 082 | 0 | 0 |
_a665.5 _bPRA |
| 245 | 0 | 0 |
_aPractical Advances in Petroleum Processing / _cEdited by Chang S. Hsu and Paul R. Robinson. |
| 260 |
_aNew York : _bSpringer, 2006 _cc2006. |
||
| 300 |
_a2 v. : _bill. ; _c24 cm. |
||
| 500 | _as222 | ||
| 504 | _aIncludes bibliographical references and indexes. | ||
| 650 | 0 |
_aPetroleum. _919986 |
|
| 650 | 0 |
_aPetroleum _xRefining. _919987 |
|
| 650 | 0 |
_aPetroleum chemicals. _919988 |
|
| 650 | 0 |
_aPetroleum products. _919989 |
|
| 653 | _bpet | ||
| 700 | 1 |
_aHsu, Chang S. _919990 |
|
| 700 | 1 |
_aRobinson, Paul R. _919991 |
|
| 856 | 4 | 2 |
_3Publisher description _uhttp://www.loc.gov/catdir/enhancements/fy0663/2005925505-d.html |
| 942 |
_cBB _k665.5 PRA _2ddc |
||
| 999 |
_c2196 _d2196 |
||